Sports Quiz

Random Sports or MLB Quiz

MLB .350 Hitters since 1941 Quiz Stats

Quiz Updated Oct 1, 2017

Challenge
Share
Tweet
Embed
Score 0/50 Timer 10:00
9 Plays Today
Highest Season BA Player % Correct
.394
1994 SDP
Tony Gwynn
94.2%
.388
1957 BOS
Ted Williams
92%
.370
2002 SFG
Barry Bonds
91.4%
.372
2004 SEA
Ichiro Suzuki
89.8%
.372
2000 COL
Todd Helton
87.6%
.368
1994 HOU
Jeff Bagwell
86.7%
.390
1980 KCR
George Brett
86.6%
.376
1948 STL
Stan Musial
85%
.359
2003 STL
Albert Pujols
84.9%
.365
1957 NYY
Mickey Mantle
84.7%
.379
1999 COL
Larry Walker
83.9%
.357
1944 BRO
Dixie Walker
83.4%
.363
1947 STL/PHI
Harry 'the Hat' Walker
83.4%
.357
1967 PIT
Roberto Clemente
80.9%
.364
2008 ATL
Chipper Jones
80.9%
.368
1985 BOS
Wade Boggs
80.7%
.365
2009 MIN
Joe Mauer
79.5%
.355
1959 MLN
Hank Aaron
77.3%
.356
1995 SEA
Edgar Martinez
76.7%
.356
1988 MIN
Kirby Puckett
73%
.388
1977 MIN
Rod Carew
72.2%
.353
1994 CHW
Frank Thomas
72.1%
.353
1987 MIL
Paul Molitor
71.4%
.359
2010 TEX
Josh Hamilton
71.3%
.351
2000 CLE
Manny Ramirez
70.5%
Highest Season BA Player % Correct
.358
1996 SEA
Alex Rodriguez
70.2%
.372
2000 BOS
Nomar Garciaparra
69%
.352
1986 NYY
Don Mattingly
68.2%
.357
1994 CLE
Albert Belle
64%
.363
1993 TOR
John Olerud
52.5%
.370
1993 COL
Andres Galarraga
52.4%
.363
2007 DET
Magglio Ordonez
50.2%
.353
1985 STL
Willie McGee
45.9%
.362
1997 LAD
Mike Piazza
45%
.359
1994 NYY
Paul O'Neill
44.9%
.355
2000 ANA
Darin Erstad
37.3%
.363
1971 STL
Joe Torre
35.8%
.352
1980 MIL
Cecil Cooper
34.7%
.350
1958 PHI
Richie Ashburn
33.9%
.361
1961 DET
Norm Cash
33.9%
.355
2000 HOU
Moises Alou
32.6%
.355
1948 CLE
Lou Boudreau
21.6%
.353
1974 ATL
Ralph Garr
19.6%
.366
1970 ATL
Rico Carty
17.8%
.354
1975 CHC
Bill Madlock
17.2%
.353
1959 DET
Harvey Kuenn
10.5%
.355
1945 CHC
Phil Cavarretta
8.3%
.353
1946 WSH
Mickey Vernon
5.8%
.352
1945 BSN
Tommy Holmes
4.2%
.354
1950 BOS
Billy Goodman
4.1%

You're not logged in!

Compare scores with friends on all Sporcle quizzes.
Sign Up with Email
OR
Log In

You Might Also Like...

Show Comments

Extras

Top Quizzes Today


Score Distribution

Your Account Isn't Verified!

In order to create a playlist on Sporcle, you need to verify the email address you used during registration. Go to your Sporcle Settings to finish the process.